Normal view
MARC view
- Leyzerovich, Alexander
Entry Personal Name
001 - CONTROL NUMBER
- control field: 118050
003 - CONTROL NUMBER IDENTIFIER
- control field: NUST
005 - DATE AND TIME OF LATEST TRANSACTION
- control field: 20230919152136.0
008 - FIXED-LENGTH DATA ELEMENTS
- fixed length control field: 230919|| aca||aabn | a|a d
040 ## - CATALOGING SOURCE
- Original cataloging agency: NUST
- Transcribing agency: NUST
100 ## - HEADING--PERSONAL NAME
- Personal name: Leyzerovich, Alexander
670 ## - SOURCE DATA FOUND
- Source citation: Work cat.: (NUST)599670: Leyzerovich, Alexander , Steam turbines for modern fossil-fuel power plants /, 2019-09-27
